[Event "ch-European Rapid 2013"]
[Site "Warsaw POL"]
[Date "2013.12.14"]
[Round "5.18"]
[White "Jussupow, Artur"]
[Black "Przedmojski, Rafal"]
[Result "1/2-1/2"]
[WhiteTitle "GM"]
[WhiteElo "2583"]
[BlackElo "2367"]
[WhiteFideId "4618777"]
[BlackFideId "1102451"]
[EventDate "2013.12.14"]
[EventType "swiss"]

1. d4 d5 2. c4 c6 3. Nc3 Nf6 4. e3 e6 5. Bd3 Nbd7 6. b3 b6 7. Nf3 Bb7 8. O-O Be7
9. Bb2 O-O 10. Qe2 c5 11. cxd5 cxd4 12. Nxd4 Nxd5 13. Nxd5 Bxd5 14. Rac1 Rc8 15.
Bb5 Rxc1 16. Rxc1 Nb8 17. h3 Bb7 18. Qg4 Bf6 19. Ba3 Be7 20. Nxe6 fxe6 21. Qxe6+
Rf7 22. Bc4 Bxa3 23. Qxf7+ Kh8 24. Rf1 Be7 25. Kh2 Qf8 26. Qxf8+ Bxf8 27. Rd1
Be7 28. f4 g6 29. e4 Kg7 30. e5 h5 31. Bd5 Bxd5 32. Rxd5 Kf7 33. g4 hxg4 34.
hxg4 Ke6 35. Rd1 g5 36. Kg3 Nc6 37. fxg5 Nxe5 38. Kf4 Ng6+ 39. Ke4 Bxg5 40. Rh1
Bh4 41. Rc1 Bg3 42. b4 Bd6 43. b5 Ne7 44. Rh1 Kf6 45. Rh6+ Ng6 46. Rh5 Bf8 47.
Rh7 Ne7 48. Rh8 Ng6 49. Rh7 Ne7 50. Rh3 Ng6 51. Rc3 Kg5 52. Rc7 Kxg4 53. Rxa7
Bc5 54. Kd5 Nf4+ 55. Kc6 Kf5 56. Rb7 Ke6 57. Rxb6 Bxb6 58. Kxb6 Kd7 59. Ka7 Nd5
60. a4 Kc8 61. a5 Nb4 62. Ka8 Na6 63. b6 Nc7+ 64. Ka7 Nb5+ 65. Ka6 Nc7+ 66. bxc7
Kxc7 1/2-1/2

[Event "ch-European Rapid 2013"]
[Site "Warsaw POL"]
[Date "2013.12.14"]
[Round "5.19"]
[White "Neiksans, Arturs"]
[Black "Kujawski, Adam"]
[Result "1/2-1/2"]
[WhiteTitle "GM"]
[WhiteElo "2560"]
[BlackElo "2325"]
[WhiteFideId "11601388"]
[BlackFideId "1100920"]
[EventDate "2013.12.14"]
[EventType "swiss"]

1. e4 e5 2. Nf3 Nc6 3. Bb5 a6 4. Ba4 Nf6 5. O-O Be7 6. d3 b5 7. Bb3 d6 8. a4 Rb8
9. axb5 axb5 10. h3 O-O 11. Nc3 h6 12. Re1 Re8 13. Nd5 Nxd5 14. Bxd5 Bb7 15. c3
Ra8 16. Rxa8 Qxa8 17. Nh2 Nd8 18. Bb3 Bc8 19. Ng4 Be6 20. Bxe6 Nxe6 21. Bxh6
gxh6 22. Nxh6+ Kh7 23. Nf5 Ng7 24. Qg4 Bf6 25. Re3 Qa1+ 26. Kh2 Qc1 27. Ng3 Rh8
28. Rf3 Qg5 29. Qd7 Qg6 30. Qxc7 Ne6 31. Qxd6 Nf4 32. d4 Rd8 33. Qc6 Qg5 34. Qb7
Kg8 35. Qxb5 exd4 36. Qxg5+ Bxg5 37. cxd4 Rxd4 38. Nf5 Rxe4 39. Rg3 Ne6 40. h4
Rf4 41. Nh6+ Kg7 42. hxg5 Rxf2 43. b3 Kg6 44. Ng4 Re2 45. Re3 Rxe3 46. Nxe3 Kxg5
47. Kg3 Nd4 48. b4 f5 49. Nd5 Ne2+ 50. Kf2 Nd4 51. Ke3 Nc2+ 52. Kf2 Nd4 53. Nc3
f4 54. b5 Kf5 55. b6 Ke5 56. Nb5 Nc6 57. Kf3 Nd8 58. Nc3 Kd6 59. Ke4 Kc6 60. Nd5
Ne6 61. Nxf4 Nc5+ 62. Kf5 Kxb6 63. g4 Kc6 64. Ne6 Nd7 65. Nf4 Kd6 66. Ng6 Nc5
67. Ne5 Ke7 68. Kg6 Ne4 69. Kh6 Kf6 70. Nf3 Kf7 71. Ne5+ Kf6 72. Nd3 Kf7 73. Nf4
Kf6 74. Nd5+ Ke5 75. Nc3 Nxc3 76. g5 Ne4 77. g6 Nf6 1/2-1/2

[Event "ch-European Rapid 2013"]
[Site "Warsaw POL"]
[Date "2013.12.14"]
[Round "5.20"]
[White "Bryzgalin, Kirill"]
[Black "Lokander, Martin"]
[Result "1-0"]
[WhiteTitle "GM"]
[WhiteElo "2460"]
[BlackElo "2246"]
[WhiteFideId "4133285"]
[BlackFideId "1709569"]
[EventDate "2013.12.14"]
[EventType "swiss"]

1. e4 e5 2. Nf3 Nc6 3. Bb5 a6 4. Ba4 Nf6 5. O-O Be7 6. Re1 b5 7. Bb3 O-O 8. h3
Bb7 9. d3 d5 10. exd5 Nxd5 11. Nbd2 f6 12. Nf1 Kh8 13. Bd2 Bc5 14. Ng3 Qd7 15.
c3 Rad8 16. Bc2 Nce7 17. d4 exd4 18. cxd4 Bb4 19. Ne4 Bd6 20. Rc1 Ng6 21. Bb1
Ngf4 22. Qc2 g6 23. Nxd6 cxd6 24. Re4 g5 25. Qb3 f5 26. Ree1 Qg7 27. Nh2 Rde8
28. Bd3 g4 29. Bf1 Nxh3+ 30. gxh3 gxh3+ 31. Qg3 Qxd4 32. Nf3 Qxb2 33. Rxe8 Rxe8
34. Qxd6 Rg8+ 35. Kh2 Nf6 36. Qxf6+ Qxf6 37. Bc3 Kg7 38. Bxf6+ Kxf6 39. Ng1 Bg2
40. Nxh3 Bxf1 41. Rxf1 Rc8 42. Rd1 Ke5 43. Rd2 Rc4 44. Kg2 b4 45. Ng1 a5 46.
Nf3+ Kf4 47. Rd5 a4 48. Rb5 h5 49. Ne5 Rd4 50. Nc6 Rc4 51. Nxb4 h4 52. Nd3+ Kg5
53. Ne5 Rc2 54. Nf3+ Kg4 55. Rb4+ f4 56. Nh2+ Kf5 57. Nf3 h3+ 58. Kxh3 Rxa2 59.
Kg2 Kg4 60. Ne5+ Kf5 61. Nd3 a3 62. Rxf4+ Kg5 63. Ra4 Ra1 64. Kf3 Kf5 65. Ra5+
Kf6 66. Kf4 Ke6 67. Ke4 a2 68. Ra6+ Ke7 69. Ke3 Kf7 70. Ke2 Kg7 71. Nb4 Rb1 72.
Nxa2 Rb3 73. Nc1 1-0

[Event "ch-European Rapid 2013"]
[Site "Warsaw POL"]
[Date "2013.12.14"]
[Round "5.21"]
[White "Bartel, Marta"]
[Black "Mista, Aleksander"]
[Result "0-1"]
[WhiteTitle "WGM"]
[BlackTitle "GM"]
[WhiteElo "2306"]
[BlackElo "2583"]
[WhiteFideId "1123009"]
[BlackFideId "1110381"]
[EventDate "2013.12.14"]
[EventType "swiss"]

1. d4 Nf6 2. Nf3 d6 3. Bg5 Nbd7 4. e3 h6 5. Bh4 g5 6. Bg3 Ne4 7. Bd3 Nxg3 8.
hxg3 Bg7 9. c4 c5 10. Nc3 cxd4 11. Nxd4 Ne5 12. Be2 Nc6 13. Qd2 Nxd4 14. exd4
Bf5 15. Bd3 Bxd3 16. Qxd3 Rc8 17. Rd1 e6 18. O-O O-O 19. g4 a6 20. Ne4 d5 21.
cxd5 Qxd5 22. Nc3 Qc4 23. Qe4 b5 24. Ne2 Qc2 25. Rd3 Qxb2 26. Ng3 Qxa2 27. Nh5
Qd5 28. Qe3 b4 29. f4 Rc2 30. Rf2 Rxf2 31. Qxf2 Rc8 32. Kh2 b3 33. fxg5 Rc2 34.
Qg3 b2 35. Qb8+ Kh7 36. Nf4 Qxg5 37. Rf3 Qb5 38. Qa7 b1=Q 39. Qxf7 Rc1 40. Nxe6
Rh1+ 41. Kg3 Qe1+ 42. Kf4 Qbe5+ 0-1

[Event "ch-European Rapid 2013"]
[Site "Warsaw POL"]
[Date "2013.12.14"]
[Round "5.22"]
[White "Lavendelis, Egons"]
[Black "Stupak, Kirill"]
[Result "1/2-1/2"]
[WhiteTitle "FM"]
[BlackTitle "GM"]
[WhiteElo "2317"]
[BlackElo "2505"]
[WhiteFideId "11601647"]
[BlackFideId "13503758"]
[EventDate "2013.12.14"]
[EventType "swiss"]

1. e4 e6 2. f4 Nf6 3. e5 Nd5 4. d4 c5 5. c4 Nc7 6. Nf3 cxd4 7. Nxd4 d6 8. exd6
Bxd6 9. Nc3 O-O 10. Ne4 Bb4+ 11. Nc3 e5 12. Nc2 Bxc3+ 13. bxc3 Qxd1+ 14. Kxd1
Nc6 15. fxe5 Bg4+ 16. Ke1 Nxe5 17. Kf2 Ne6 18. Ne3 Rac8 19. h3 Bh5 20. Nf5 Nc6
21. Be3 b6 22. g4 Bg6 23. Bg2 Bxf5 24. gxf5 Nc5 25. Bxc5 bxc5 26. Rab1 Rfd8 27.
Rhd1 Rxd1 28. Rxd1 Ne5 29. Rd5 f6 30. Rd6 Kf8 31. Bd5 Ke7 32. Ra6 Rc7 33. Ra5
Nd7 34. Rb5 Nb6 35. Rb1 Kd6 36. Bg8 h6 37. Re1 Re7 38. Be6 Kc7 39. Re3 Re8 40.
Rg3 Re7 41. Re3 Kd8 42. Rd3+ Ke8 43. Kf3 Rc7 44. Kg4 Nd7 45. Bxd7+ Rxd7 46. Rd5
Rc7 47. Kh5 Kf7 48. Rd6 Re7 49. Rc6 Re3 50. Rc7+ Kg8 51. h4 Rxc3 52. Rxc5 Kh7
53. a4 Ra3 54. a5 Ra1 55. Kg4 a6 56. Kh5 Kg8 1/2-1/2

[Event "ch-European Rapid 2013"]
[Site "Warsaw POL"]
[Date "2013.12.14"]
[Round "5.23"]
[White "Yavorovsky, Valeriy"]
[Black "Jakubowski, Krzysztof"]
[Result "1/2-1/2"]
[BlackTitle "GM"]
[WhiteElo "2249"]
[BlackElo "2527"]
[WhiteFideId "14121549"]
[BlackFideId "1112848"]
[EventDate "2013.12.14"]
[EventType "swiss"]

1. d4 Nf6 2. Nf3 e6 3. c4 Bb4+ 4. Bd2 c5 5. e3 Bxd2+ 6. Qxd2 Ne4 7. Qc2 Qa5+ 8.
Nbd2 Nxd2 9. Qxd2 Qxd2+ 10. Kxd2 b6 11. Bd3 Bb7 12. Ke2 f5 13. Rad1 Nc6 14. d5
Nb4 15. dxe6 dxe6 16. Bb1 Ke7 17. Ne5 Rad8 18. f4 g6 19. Rhg1 Nc6 20. g3 Nxe5
21. fxe5 Ba6 22. Bd3 Rd7 23. b3 Rhd8 24. a4 Bb7 25. Bc2 h5 26. Rxd7+ Rxd7 27.
Rd1 Rxd1 28. Kxd1 Bf3+ 1/2-1/2

[Event "ch-European Rapid 2013"]
[Site "Warsaw POL"]
[Date "2013.12.14"]
[Round "5.24"]
[White "Leniart, Arkadiusz"]
[Black "Bednarek, Sylwester"]
[Result "1/2-1/2"]
[WhiteTitle "IM"]
[BlackTitle "FM"]
[WhiteElo "2472"]
[BlackElo "2311"]
[WhiteFideId "1124226"]
[BlackFideId "1101811"]
[EventDate "2013.12.14"]
[EventType "swiss"]

1. e4 c6 2. d4 g6 3. f4 d5 4. e5 h5 5. Nf3 Nh6 6. Be3 Qb6 7. b3 Bg4 8. Be2 Nf5
9. Bf2 e6 10. O-O c5 11. c3 Bxf3 12. Bxf3 Nc6 13. c4 cxd4 14. cxd5 Ne3 15. Bxe3
dxe3 16. Kh1 exd5 17. Nc3 O-O-O 18. Nxd5 Qa5 19. Qd3 Ba3 20. Rad1 Qc5 21. Qe4
Kb8 22. Nxe3 Rd4 23. Rxd4 Qxd4 24. Nc4 Bc5 25. Rd1 Qf2 26. Qe2 Qxe2 27. Bxe2 Nd4
28. Bd3 h4 29. Be4 Rd8 30. Rd3 Kc7 31. Nd6 Bxd6 32. Rxd4 Be7 33. Rxd8 Bxd8 34.
Kg1 b5 35. Kf2 Kb6 36. Kf3 Kc5 37. g3 hxg3 38. Kxg3 a5 39. e6 f5 40. Bd3 Be7 41.
h4 a4 42. bxa4 bxa4 43. Bc2 Kd5 44. Bxa4 Kxe6 45. Be8 Kf6 46. a4 Bb4 47. Kf3 Be1
48. Ke3 Kg7 49. h5 gxh5 50. Bxh5 Kf6 51. Kd4 Bd2 52. Kd5 1/2-1/2

[Event "ch-European Rapid 2013"]
[Site "Warsaw POL"]
[Date "2013.12.14"]
[Round "5.25"]
[White "Adamski, Jan"]
[Black "Kuzmicz, Krystian"]
[Result "1/2-1/2"]
[WhiteTitle "IM"]
[BlackTitle "IM"]
[WhiteElo "2306"]
[BlackElo "2451"]
[WhiteFideId "1100190"]
[BlackFideId "1119125"]
[EventDate "2013.12.14"]
[EventType "swiss"]

1. Nf3 g6 2. d4 Bg7 3. c3 c5 4. dxc5 Na6 5. Be3 Qc7 6. Bd4 Nf6 7. b4 b6 8. cxb6
axb6 9. g3 Bb7 10. Bg2 d6 11. O-O O-O 12. a3 e5 13. Be3 d5 14. Qb3 Rac8 15. h3
Ne4 16. Nfd2 Nf6 17. Nf3 Ne4 18. Nfd2 Nf6 19. Nf3 Ne4 1/2-1/2

[Event "ch-European Rapid 2013"]
[Site "Warsaw POL"]
[Date "2013.12.14"]
[Round "5.26"]
[White "Lach, Aleksandra"]
[Black "Druska, Juraj"]
[Result "1/2-1/2"]
[WhiteTitle "WFM"]
[BlackTitle "FM"]
[WhiteElo "2161"]
[BlackElo "2370"]
[WhiteFideId "1134299"]
[BlackFideId "14915650"]
[EventDate "2013.12.14"]
[EventType "swiss"]

1. e4 c5 2. Nf3 Nc6 3. d4 cxd4 4. Nxd4 g6 5. c4 Bg7 6. Be3 Nf6 7. Nc3 d6 8. Be2
Nxd4 9. Bxd4 O-O 10. O-O Bd7 11. Rc1 Bc6 12. f3 a5 13. a3 a4 14. Nd5 Nd7 15.
Bxg7 Kxg7 16. Qd4+ Kg8 17. f4 Bxd5 18. cxd5 Nc5 19. Rc3 Qb6 20. Rh3 Rfc8 21. Bg4
Rc7 22. f5 Nd7 23. Qxb6 Nxb6 24. fxg6 hxg6 25. Rhf3 f6 26. Be6+ Kg7 27. Rg3 Rh8
28. b3 axb3 29. Rxb3 Na4 30. Rg3 Nc5 31. Bf5 Rh6 32. Rc1 Kf7 33. Be6+ Kf8 34.
Bg4 Rh8 35. h3 Kf7 36. Be6+ Kg7 37. Bf5 Rh6 38. Bg4 Rh8 39. Bf5 Rh6 40. Bg4 Kf7
41. Be6+ Kf8 42. Bg4 Kg7 43. Kh2 Kf7 44. Be6+ Kf8 45. Bg4 Rh8 46. Kg1 b6 47. Rb3
Rb7 48. Rb4 Kf7 49. Rcb1 Ra8 50. Rxb6 Rxb6 51. Rxb6 Rxa3 52. Rb4 Ra4 53. Rxa4
Nxa4 54. Kf2 Kg7 55. Kf3 Kh6 56. Kf4 Nb2 57. Be2 Na4 58. Bg4 Nc5 59. Be2 Nd7 60.
Bg4 Nc5 61. Be2 Nb3 62. Bd1 Nc1 63. Ke3 Na2 64. Kf4 Nb4 65. Be2 Nc2 66. Bd1 Ne1
67. Kg3 Kg5 68. h4+ Kh6 69. Kf2 Nd3+ 70. Ke3 Ne5 71. Kf4 Nd3+ 72. Ke3 Nb2 73.
Be2 g5 74. h5 Na4 75. g4 Nc5 76. Bd1 Kg7 77. Be2 Kf7 1/2-1/2

[Event "ch-European Rapid 2013"]
[Site "Warsaw POL"]
[Date "2013.12.14"]
[Round "5.27"]
[White "Golubka, Petr"]
[Black "Warszawski, Bartosz"]
[Result "1-0"]
[WhiteTitle "IM"]
[WhiteElo "2385"]
[BlackElo "2232"]
[WhiteFideId "14114224"]
[BlackFideId "1110799"]
[EventDate "2013.12.14"]
[EventType "swiss"]

1. e4 c5 2. Nf3 e6 3. Nc3 Nc6 4. d4 cxd4 5. Nxd4 Qc7 6. Be3 a6 7. Qd2 Nf6 8. f3
Be7 9. g4 b5 10. g5 Nh5 11. O-O-O Bb7 12. Nce2 Bb4 13. c3 Ne5 14. Ng3 Nxg3 15.
hxg3 Rc8 16. Be2 d5 17. f4 Nc4 18. Bxc4 Qxc4 19. Kb1 Ba5 20. e5 b4 21. cxb4 Bxb4
22. Qd3 a5 23. a3 Bc5 24. Qd2 Bxd4 25. Bxd4 Ba6 26. Qxa5 O-O 27. Qd2 Qb3 28. Bc3
Bc4 29. Qc2 Qa2+ 30. Kc1 g6 31. Rxh7 Kxh7 32. Qh2+ Kg7 33. Qh6+ Kg8 34. Rh1 Qa1+
35. Kd2 Qxh1 36. Qxh1 Bb3 37. f5 gxf5 38. Bb4 Rc2+ 39. Kd3 Rfc8 40. g6 fxg6 41.
Qh6 Rf2 42. Qxg6+ 1-0

[Event "ch-European Rapid 2013"]
[Site "Warsaw POL"]
[Date "2013.12.14"]
[Round "5.28"]
[White "Nasuta, Grzegorz"]
[Black "Meskovs, Nikita"]
[Result "1-0"]
[WhiteTitle "FM"]
[BlackTitle "FM"]
[WhiteElo "2331"]
[BlackElo "2431"]
[WhiteFideId "1141686"]
[BlackFideId "11602740"]
[EventDate "2013.12.14"]
[EventType "swiss"]

1. e4 c5 2. Nf3 e6 3. d4 cxd4 4. Nxd4 a6 5. Bd3 Qc7 6. O-O Nf6 7. Qe2 d6 8. c4
Be7 9. Nc3 Nbd7 10. Be3 O-O 11. f3 b6 12. Rfc1 Bb7 13. b4 Kh8 14. Nb3 Rg8 15. a4
g5 16. a5 bxa5 17. Nxa5 Bc8 18. Na4 Rb8 19. Qd2 Ne5 20. c5 d5 21. Nb6 dxe4 22.
Bxe4 g4 23. f4 Nf3+ 24. Bxf3 gxf3 25. g3 Bb7 26. Bd4 Rbd8 27. Qe3 f2+ 28. Qxf2
Be4 29. Be5 Qa7 30. Qe3 Ba8 31. c6 Rg6 32. c7 Rc8 33. Qd4 Rcg8 34. c8=Q Bf3 35.
Nd7 Qxd4+ 36. Bxd4 Rxc8 37. Rxc8+ Kg7 1-0

[Event "ch-European Rapid 2013"]
[Site "Warsaw POL"]
[Date "2013.12.14"]
[Round "5.29"]
[White "Musialkiewicz, Jan"]
[Black "Schoorl, Rob"]
[Result "0-1"]
[BlackTitle "FM"]
[WhiteElo "2298"]
[BlackElo "2317"]
[WhiteFideId "1141929"]
[BlackFideId "1009508"]
[EventDate "2013.12.14"]
[EventType "swiss"]

1. e4 e5 2. Nf3 Nc6 3. d4 exd4 4. Nxd4 g6 5. Nc3 Bg7 6. Be3 Nf6 7. Be2 O-O 8.
O-O Re8 9. Nxc6 bxc6 10. Bf3 d6 11. h3 Nd7 12. Qd2 Rb8 13. Rab1 Ba6 14. Rfd1 Ne5
15. Be2 Bxe2 16. Qxe2 a5 17. f4 Nd7 18. Bd4 Bxd4+ 19. Rxd4 Rb4 20. Qf2 Qb8 21.
b3 Nc5 22. Re1 Rxd4 23. Qxd4 Qb4 24. Qe3 d5 25. a3 Qxa3 26. e5 Qb4 27. Qg3 Ne6
28. Ne2 Qc5+ 29. Kh2 Qxc2 30. Qf3 Rb8 31. Rc1 Qxb3 32. Rc3 Qd1 33. f5 Ng5 34.
Qg4 Ne4 35. fxg6 hxg6 36. Rxc6 Rb1 37. Rxg6+ fxg6 38. Qxg6+ Kf8 39. Qh6+ Ke7 40.
Qg7+ Ke8 41. Qg8+ Kd7 42. e6+ Kc6 43. Qa8+ Kb5 44. Nc3+ Nxc3 45. e7 Qg1+ 46. Kg3
Qe3+ 0-1

[Event "ch-European Rapid 2013"]
[Site "Warsaw POL"]
[Date "2013.12.14"]
[Round "5.30"]
[White "Korchmar, Vasiliy"]
[Black "Berzinsh, Roland"]
[Result "1/2-1/2"]
[WhiteTitle "FM"]
[BlackTitle "IM"]
[WhiteElo "2347"]
[BlackElo "2421"]
[WhiteFideId "24131750"]
[BlackFideId "11600357"]
[EventDate "2013.12.14"]
[EventType "swiss"]

1. d4 d5 2. c4 dxc4 3. e3 b5 4. b3 Nf6 5. bxc4 bxc4 6. Bxc4 e6 7. Nf3 Bd6 8. O-O
O-O 9. Nbd2 Nbd7 10. Bb2 Bb7 11. Qe2 Rb8 12. Bc3 c5 13. e4 cxd4 14. Bxd4 Bc5 15.
Bxc5 Nxc5 16. Rfd1 Qe7 17. e5 Nd5 18. Rac1 Ba8 19. Nb3 Na4 20. Rd4 Qa3 21. Qd2
Nb4 22. Rg4 Bxf3 23. gxf3 Qb2 24. Rxg7+ Kxg7 25. Qg5+ Kh8 26. Qf6+ Kg8 27. Qg5+
Kh8 28. Qf6+ Kg8 29. Qg5+ Kh8 1/2-1/2

[Event "ch-European Rapid 2013"]
[Site "Warsaw POL"]
[Date "2013.12.14"]
[Round "5.31"]
[White "Luksik, Mateusz"]
[Black "Przybylski, Wojciech"]
[Result "0-1"]
[BlackTitle "FM"]
[WhiteElo "2071"]
[BlackElo "2342"]
[WhiteFideId "1114913"]
[BlackFideId "1117599"]
[EventDate "2013.12.14"]
[EventType "swiss"]

1. e4 e5 2. Nf3 Nf6 3. Nc3 Nc6 4. Bb5 Nd4 5. d3 Nxb5 6. Nxb5 c6 7. Nc3 d6 8. Bg5
h6 9. Bxf6 Qxf6 10. h3 g6 11. Qe2 Bg7 12. Nd1 O-O 13. Ne3 Qe7 14. g4 d5 15.
O-O-O Be6 16. Kb1 Qb4 17. c3 Qa5 18. c4 dxe4 19. dxe4 b5 20. Qd2 Qa6 21. Qc3
Rab8 22. a3 bxc4 23. Nd2 Rfd8 24. Ndxc4 Rd4 25. Rc1 Rxe4 26. Na5 Ra4 27. Nxc6
Rb3 28. Ne7+ Kh7 29. Qc6 e4 30. Rc2 Raxa3 31. Qxa6 Rxa6 32. N7d5 Rd6 33. Rd1 Rd3
34. Rxd3 exd3 35. Rc5 Bd4 36. Rb5 a6 37. Rb4 Bxd5 38. Rxd4 Ba2+ 39. Kxa2 Rxd4
40. Kb3 d2 41. Kc2 Kg7 42. Kd1 Rd3 43. Nf1 Rb3 0-1

[Event "ch-European Rapid 2013"]
[Site "Warsaw POL"]
[Date "2013.12.14"]
[Round "5.32"]
[White "Azarov, Sergei"]
[Black "Jarmula, Lukasz"]
[Result "1-0"]
[WhiteTitle "GM"]
[WhiteElo "2616"]
[BlackElo "2213"]
[WhiteFideId "13501470"]
[BlackFideId "1160664"]
[EventDate "2013.12.14"]
[EventType "swiss"]

1. e4 c5 2. Nf3 d6 3. d4 cxd4 4. Nxd4 Nf6 5. Nc3 g6 6. Be3 Bg7 7. f3 O-O 8. Qd2
Nc6 9. O-O-O d5 10. exd5 Nxd5 11. Nxc6 bxc6 12. Bd4 Nxc3 13. Qxc3 Bh6+ 14. Be3
Bxe3+ 15. Qxe3 Qb6 16. Qxe7 Be6 17. Qa3 Qf2 18. h4 Rfd8 19. Bd3 Qxg2 20. h5 Qxf3
21. hxg6 hxg6 22. Kb1 Qf6 23. Rdf1 Qd4 24. b3 c5 25. Qc1 Qg7 26. Qe3 Bd5 27. Rh4
Rac8 28. Qg5 Rd6 29. Qe7 Rcd8 30. Qxa7 c4 31. bxc4 R6d7 32. Qd4 Be6 33. Qxg7+
Kxg7 34. Rfh1 Rd4 35. Rh7+ Kf6 36. Rf1+ Ke5 37. Kb2 Bxc4 38. Bxc4 Rxc4 39. Rhxf7
Rb8+ 40. Kc1 Ra8 41. Re1+ Kd5 42. Rd7+ Kc6 43. Rg7 Rxa2 44. Rxg6+ Kc5 45. Re5+
Kd4 46. Re2 Ra1+ 47. Kb2 Rca4 48. Rg4+ Kd5 49. Rg5+ Kd4 50. Rg4+ Kd5 51. Rd2+
Kc5 52. Rg5+ Kc4 53. Rg4+ Kc5 54. Rxa4 Rxa4 55. Rh2 Rb4+ 56. Kc3 Rc4+ 57. Kb3
Rb4+ 58. Ka3 Rc4 59. Rh5+ Kb6 60. Kb3 Rg4 61. c3 Rg2 62. Kb4 Rg4+ 63. c4 Rg1 64.
Rh6+ Kc7 65. Kb5 Rg5+ 66. c5 Rg1 67. Rh7+ Kb8 68. Kb6 Rb1+ 69. Kc6 Rc1 70. Rh8+
Ka7 71. Kd6 Kb7 72. Rh7+ Kc8 73. Kc6 Kb8 74. Rh8+ Ka7 75. Rc8 Rd1 76. Kc7 Rh1
77. Rd8 Rh7+ 78. Rd7 Rh8 79. c6 Rg8 80. Rd6 Rg7+ 81. Kc8 Rg8+ 82. Rd8 Rg6 83. c7
Kb6 84. Kb8 1-0

[Event "ch-European Rapid 2013"]
[Site "Warsaw POL"]
[Date "2013.12.14"]
[Round "5.33"]
[White "Pischikov, Vadim"]
[Black "Lysyj, Igor"]
[Result "0-1"]
[BlackTitle "GM"]
[WhiteElo "2148"]
[BlackElo "2666"]
[WhiteFideId "4100280"]
[BlackFideId "4150120"]
[EventDate "2013.12.14"]
[EventType "swiss"]

1. d4 Nf6 2. c4 e6 3. Nc3 Bb4 4. e3 O-O 5. Bd3 c5 6. Ne2 d5 7. a3 Bxc3+ 8. bxc3
dxc4 9. Bxc4 Qc7 10. Bd3 Nc6 11. O-O e5 12. Qc2 Re8 13. e4 c4 14. Bxc4 exd4 15.
cxd4 Na5 16. Bd3 Qxc2 17. Bxc2 Nxe4 18. f3 Nd6 19. Ng3 Be6 20. Bf4 Red8 21. Rfd1
Nb5 22. Be3 Nc4 23. Bf2 Nbxa3 24. Be4 Bd5 25. Nf5 Kf8 26. Bg3 Nb5 27. Bd3 g6 28.
Bxc4 Bxc4 29. Ne3 Be2 30. Rd2 Nxd4 31. Kf2 Bb5 32. Bh4 Nb3 33. Rxd8+ Rxd8 34.
Rxa7 Rd2+ 35. Kg3 Bc6 36. Ng4 f5 37. Ne5 Nd4 38. Nc4 Rc2 39. Ra8+ Kg7 40. Ne5
Ne2+ 41. Kf2 Nf4+ 42. Kg3 Ne2+ 43. Kf2 Nf4+ 44. Kg3 Ne6 45. Be7 g5 46. Nxc6 bxc6
47. Bd6 h5 48. Be5+ Kf7 49. Ra7+ Kg6 50. h4 f4+ 51. Kh3 Kf5 52. Ba1 g4+ 53.
fxg4+ hxg4+ 54. Kh2 f3 55. Rf7+ Ke4 56. h5 Rxg2+ 57. Kh1 g3 58. Rf6 Rh2+ 59. Kg1
Nf4 0-1

[Event "ch-European Rapid 2013"]
[Site "Warsaw POL"]
[Date "2013.12.14"]
[Round "5.34"]
[White "Mirski, Stanislaw"]
[Black "Petrosian, Tigran L."]
[Result "0-1"]
[BlackTitle "GM"]
[WhiteElo "2139"]
[BlackElo "2648"]
[WhiteFideId "1122118"]
[BlackFideId "13301616"]
[EventDate "2013.12.14"]
[EventType "swiss"]

1. d4 d6 2. c4 e5 3. Nf3 e4 4. Nfd2 f5 5. Nc3 Nf6 6. e3 c6 7. g3 d5 8. Bg2 Be6
9. b3 Na6 10. O-O h5 11. cxd5 cxd5 12. f4 h4 13. a4 Ng4 14. Re1 hxg3 15. hxg3
Nb4 16. Nf1 Rc8 17. Na2 Nc2 18. Bd2 Kf7 19. Rb1 Nxe1 20. Bxe1 Be7 21. b4 Rc4 22.
Qb3 g5 23. Nd2 gxf4 24. Nxc4 dxc4 25. Qc3 f3 26. d5 Bxd5 27. Bf1 Bf6 28. Qd2 f2+
29. Bxf2 Rh1+ 30. Kxh1 Qh8+ 31. Bh3 Qxh3+ 32. Kg1 Be6 33. Rc1 Ne5 0-1

[Event "ch-European Rapid 2013"]
[Site "Warsaw POL"]
[Date "2013.12.14"]
[Round "5.35"]
[White "Nowicki, Bartosz"]
[Black "Krasenkow, Michal"]
[Result "0-1"]
[BlackTitle "GM"]
[WhiteElo "2251"]
[BlackElo "2633"]
[WhiteFideId "1179730"]
[BlackFideId "1113100"]
[EventDate "2013.12.14"]
[EventType "swiss"]

1. e4 g6 2. d4 Bg7 3. Nc3 c6 4. h3 d6 5. f4 b5 6. Nf3 b4 7. Ne2 Nf6 8. Ng3 h5 9.
Bd3 h4 10. Ne2 d5 11. e5 Ne4 12. Bxe4 dxe4 13. Ng5 Bf5 14. e6 fxe6 15. Be3 c5
16. dxc5 Nc6 17. Qc1 Qd5 18. O-O Rd8 19. a3 Qc4 20. Re1 b3 21. cxb3 Qxb3 22. Nc3
Rd3 23. Bd2 Nd4 24. Ngxe4 Nc2 25. Rb1 Nxe1 26. Qxe1 O-O 27. Qd1 Qxd1+ 28. Rxd1
Rfd8 29. Rc1 Rxd2 30. Nxd2 Rxd2 31. c6 Bd4+ 32. Kf1 Bd3+ 33. Ke1 Rxg2 34. c7 Be3
35. c8=Q+ Kf7 36. Ne2 Rxe2+ 37. Kd1 Rd2+ 38. Ke1 Rg2 0-1

[Event "ch-European Rapid 2013"]
[Site "Warsaw POL"]
[Date "2013.12.14"]
[Round "5.36"]
[White "Gritsak, Orest"]
[Black "Mastalerz, Xavier"]
[Result "1/2-1/2"]
[WhiteTitle "GM"]
[WhiteElo "2516"]
[BlackElo "2131"]
[WhiteFideId "14102188"]
[BlackFideId "208310"]
[EventDate "2013.12.14"]
[EventType "swiss"]

1. Nf3 Nf6 2. c4 e6 3. g3 b6 4. Bg2 Bb7 5. d4 Be7 6. Nc3 O-O 7. Qc2 c5 8. d5
exd5 9. Nh4 Na6 10. cxd5 d6 11. Nf5 Nb4 12. Qd2 Qd7 13. Nxe7+ Qxe7 14. O-O Qe5
15. Rd1 Rfe8 16. a3 Na6 17. Qf4 Qe7 18. b4 Nc7 19. Bb2 Qe5 20. Qxe5 Rxe5 21. e4
Re7 22. h3 Nd7 23. f4 f6 24. Bf1 Rae8 25. Kf2 g5 26. Bd3 a6 27. h4 g4 28. Rd2 h5
29. Nd1 b5 30. Ne3 c4 31. Bc2 Rxe4 32. Bxe4 Rxe4 33. Nf5 Bxd5 34. Rad1 Nb6 35.
Bd4 Na4 36. Bxf6 c3 37. Nxd6 cxd2 38. Nxe4 Bxe4 39. Rxd2 Nd5 40. Bd4 Kf7 1/2-1/2

[Event "ch-European Rapid 2013"]
[Site "Warsaw POL"]
[Date "2013.12.14"]
[Round "5.37"]
[White "Plat, Vojtech"]
[Black "Zaczek, Jonathon"]
[Result "1-0"]
[WhiteTitle "IM"]
[WhiteElo "2470"]
[BlackElo "2062"]
[WhiteFideId "325740"]
[BlackFideId "2607123"]
[EventDate "2013.12.14"]
[EventType "swiss"]

1. b3 c5 2. Bb2 Nc6 3. e4 e6 4. g3 d6 5. Bg2 Nf6 6. Ne2 Be7 7. O-O O-O 8. d4
cxd4 9. Nxd4 Qc7 10. Nd2 Nxd4 11. Bxd4 Bd7 12. c4 a6 13. Rc1 Rac8 14. a4 a5 15.
Nb1 Bc6 16. Nc3 b6 17. Nd5 exd5 18. cxd5 Nd7 19. Rxc6 Qb7 20. e5 dxe5 21. Be3
Bc5 22. Bg5 Rfe8 23. Qg4 Nf8 24. Rd1 Bd4 25. Rdc1 Bc5 26. Be3 Nd7 27. Bh6 g6 28.
Bh3 Red8 29. Bg5 Rxc6 30. dxc6 Qxc6 31. Bxd8 Bxf2+ 32. Kxf2 Qxc1 33. Qxd7 Qc2+
34. Ke1 Qc1+ 35. Qd1 Qe3+ 36. Kf1 1-0